Normal view
MARC view
Entry Topical Term
001 - CONTROL NUMBER
- control field: 793102
003 - CONTROL NUMBER IDENTIFIER
- control field:
005 - DATE AND TIME OF LATEST TRANSACTION
- control field: 20210627055010.0
008 - FIXED-LENGTH DATA ELEMENTS
- fixed length control field: 210627|| aca||aabn | a|a d
040 ## - CATALOGING SOURCE
- Original cataloging agency:
- Transcribing agency:
150 ## - HEADING--TOPICAL TERM
- Topical term or geographic name entry element: Appellate courts
- Geographic subdivision: Great Britain
670 ## - SOURCE DATA FOUND
- Source citation: Work cat.: ()665114: The digest of English case law containing the reported decisions of the superior courts and a selection from those of the Irish courts [from 1557] to the end of 1897 /, 1898
